<?xml version="1.0" encoding="UTF-8"?>
<collection xmlns="http://www.loc.gov/MARC21/slim">
  <record>
    <leader>00000nam  2200000   4500</leader>
    <controlfield tag="001">INLIS000000000018261</controlfield>
    <controlfield tag="005">20240923014535</controlfield>
    <datafield tag="035" ind1="#" ind2="#">
      <subfield code="a">0010-0924000090</subfield>
    </datafield>
    <controlfield tag="007">ta</controlfield>
    <controlfield tag="008">240923###########################0######</controlfield>
    <datafield tag="245" ind1="#" ind2="#">
      <subfield code="a">ADAMA :</subfield>
      <subfield code="b">Satu Data Kebencanaan Kota Makassar /</subfield>
      <subfield code="c">Muhammad Afif Azdy, S.IP., MM</subfield>
    </datafield>
    <datafield tag="260" ind1="#" ind2="#">
      <subfield code="a">Makassar :</subfield>
      <subfield code="b">Puslatbang KMP LAN RI Makassar,</subfield>
      <subfield code="c">2024</subfield>
    </datafield>
    <datafield tag="300" ind1="#" ind2="#">
      <subfield code="a">35 ;</subfield>
      <subfield code="c">30</subfield>
    </datafield>
    <datafield tag="700" ind1=" " ind2="#">
      <subfield code="a">Drs. A. Hendra Hakamuddin, S.STP., M.PA (Mentor)</subfield>
    </datafield>
    <datafield tag="700" ind1=" " ind2="#">
      <subfield code="a">Zul Chaidir, S.Sos., M.PA (Coach)</subfield>
    </datafield>
    <datafield tag="520" ind1="#" ind2="#">
      <subfield code="a">Bencana adalah peristiwa atau rangkaian peristiwa yang mengancam dan mengganggu kehidupan dan penghidupan masyarakat yang disebabkan, baik pleh faktor alam, faktor non alam maupun faktor manusia sehingga mengakibatkan timbulnya korban jiwa manusia,kerusakan lingkungan, kerugian harta benda, dan dampak psikologis (Undang-Undang Nomor 24 Tahun 2007).Bencana alam dapat diklasifikasikan menjadi bencana akibat fenomena geologi (seperti gempa bumi, tsunami,gerakan tanah, dan gunung api), bencana akibat faktor biologi (seperti epidemic dan wabah penyakit), bencana akibat kondisi hidrometerologi (seperti banjir, tanah longsor, kekeringan, dan angin topan). Bencana non alam dapat terjadi akibat ulah manusia, seperti konflik sosial dan kegagalan teknologi.&#13;
Badan Nasional Penanggulangan Bencana (BNPB)tahun 2022 melakukan kajian tentang kondisi kebencanaan di Indonesia yang disusun dalam bentuk Indeks Risiko Bencana Indonesia (IRBI). Data IRBI BNPB menunjukkan bahwa Kota Makassar mempunyai indeks risiko bencana sedang (skor 119,49) dan berada di peringkat 21 dari 24 Kabupaten/ Kota di Provinsi Sulawesi Selatan.</subfield>
    </datafield>
    <datafield tag="856" ind1="#" ind2="#">
      <subfield code="a">Puslatbang KMP LAN RI Makassar</subfield>
    </datafield>
    <datafield tag="650" ind1="#" ind2="4">
      <subfield code="a">Tangguh, siap dan tanggap hadapi beencana</subfield>
    </datafield>
  </record>
</collection>
